[Event "Bundesliga 2122"]
[Site "Germany"]
[Date "2022.07.09"]
[Round "14.6"]
[White "Rapport, Richard"]
[Black "Kryvoruchko, Yuriy"]
[Result "1-0"]
[WhiteElo "2762"]
[BlackElo "2683"]
[PlyCount "153"]
[EventDate "2022.03.05"]
[EventType "team-tourn"]
[EventRounds "15"]
[EventCountry "GER"]
[SourceTitle "CBM 209 Extra"]
[Source "ChessBase"]
[SourceDate "2022.09.30"]
[SourceVersion "1"]
[SourceVersionDate "2022.09.30"]
[SourceQuality "1"]
[WhiteTeam "Baden-Baden"]
[BlackTeam "Viernheim"]
[WhiteTeamCountry "GER"]
[BlackTeamCountry "GER"]

1. Nf3 {Besenthal,Klaus Guenter} d5 2. g3 Nf6 3. Bg2 e6 4. O-O Be7 5. d3 O-O 6. Bf4 Bd6 ({RR} 6... Nc6 7. d4 b6 8. c4 Bb7 9. Nc3 Na5 10. cxd5 Nxd5 11. Nxd5 Bxd5 12. Qc2 Rc8 13. e4 Bb7 14. Rad1 Qd7 15. Ne5 Qb5 16. Rfe1 Rfd8 17. Bh3 Bb4 18. Re3 Bd6 19. d5 Bxe5 20. Bxe5 Nc4 21. Rb3 {Kramnik,V (2812)-Aronian,L (2792) Leuven 2016 CBM 173 [Besenthal,Klaus Guenter] 1-0 (36)}) 7. Bxd6 Qxd6 $146 ({RR} 7... cxd6 8. c4 Nc6 9. Qd2 e5 10. cxd5 Nxd5 11. Rc1 h6 12. Nc3 Be6 13. Nxd5 Bxd5 14. e4 Be6 15. d4 Bg4 16. d5 Bxf3 17. dxc6 Bxg2 18. Kxg2 Qc7 19. Qd5 Rab8 20. b4 bxc6 21. Rxc6 Qe7 22. a3 {Andreikin,D (2729)-Nesterov,A (2584) Samarkand UZB 2023 1-0 (33)}) ({RR} 7... cxd6 8. c4 Qb6 9. Qb3 Qxb3 10. axb3 Nc6 11. Nc3 dxc4 12. dxc4 Rd8 13. Rfd1 Kf8 14. Ne1 Ke7 15. Nd3 Bd7 16. b4 a6 17. b5 axb5 18. cxb5 Nd4 19. b6 Bc6 20. Ra7 Rxa7 21. bxa7 Ra8 22. Ra1 {Kushko,D (2445)-Sjugirov,S (2661) chess.com INT 2024 0-1 (48)}) 8. c4 d4 9. b4 a5 10. b5 Nbd7 11. Nbd2 e5 12. a4 Nc5 13. Nb3 Nxb3 14. Qxb3 Nd7 15. Nd2 Nc5 16. Qa3 Bf5 17. Nb3 Nxb3 18. Qxb3 Rab8 19. Qa3 Rfe8 20. Rfd1 Qxa3 21. Rxa3 Kf8 22. c5 Be6 23. e3 Red8 24. Re1 Bd5 25. exd4 exd4 26. Re5 Bxg2 27. Kxg2 Re8 28. Rh5 h6 29. c6 bxc6 30. bxc6 Re6 31. Rxa5 Rxc6 32. Rd5 Rc3 33. Rxc3 dxc3 34. Rc5 Ra8 35. Rxc7 Rxa4 36. Rxc3 g5 37. Kf3 Ra1 38. h3 Rd1 39. Kg4 Kg7 40. f4 gxf4 41. Kxf4 Kf6 42. Ke3 Rg1 43. Kf2 Rd1 44. Ke2 Ra1 45. d4 Ke6 46. Ke3 Re1+ 47. Kd3 Kd6 48. Ra3 h5 49. h4 f6 50. Rb3 Ke6 51. Kc4 Rg1 52. d5+ Kd6 53. Kd4 Rf1 54. Rb6+ Kd7 55. Ke4 Rf2 56. Rb7+ Kd6 57. Rb6+ Kd7 58. Ra6 Rf1 59. Ra8 Ke7 60. Rh8 Rg1 61. Kf4 Rf1+ 62. Ke4 Rg1 63. Kf5 Rxg3 64. Rh7+ Kd6 65. Rxh5 Rf3+ 66. Kg6 Rf4 67. Kf7 Rf1 68. Kg7 Rf2 69. Kg6 Rf4 70. Kf7 Rf1 71. Rh6 Kxd5 72. Rxf6 Rh1 73. Rf5+ Kd6 74. h5 Rh2 75. Rf6+ Ke5 76. h6 Ra2 77. Kg7 1-0

[Event "Chess.com Rapid Wk4 Swiss"]
[Site "Chess.com INT"]
[Date "2022.03.05"]
[Round "1"]
[White "Nakamura, Hikaru"]
[Black "Sadhwani, Raunak"]
[Result "1-0"]
[WhiteElo "2750"]
[BlackElo "2616"]
[PlyCount "117"]
[EventDate "2022.03.05"]
[EventType "swiss (rapid)"]
[EventRounds "9"]
[EventCountry "USA"]
[SourceTitle "CBM 207 Extra"]
[Source "ChessBase"]
[SourceDate "2022.05.31"]
[SourceVersion "1"]
[SourceVersionDate "2022.05.31"]
[SourceQuality "1"]

1. Nf3 d5 2. e3 Nf6 3. b3 e6 4. Bb2 Bd6 5. g3 O-O 6. Bg2 Qe7 ({RR} 6... c5 7. O-O Nc6 8. c4 d4 9. exd4 cxd4 10. Nxd4 Nxd4 11. Bxd4 Bxg3 12. hxg3 Qxd4 13. Nc3 Rd8 14. Qf3 Rb8 15. Nb5 Qb6 16. Qe3 Qxe3 17. dxe3 a6 18. Nc3 Bd7 19. Rfd1 Kf8 20. a4 Ke7 21. Kf1 {Krzyzanowski,M (2517)-Bluebaum,M (2647) chess.com INT 2024 0-1}) 7. d4 $146 ({RR} 7. d3 e5 8. Nbd2 Bg4 9. h3 Bh5 10. g4 Bg6 11. Nh4 Nbd7 12. Nxg6 hxg6 13. g5 Nh7 14. h4 c6 15. Qg4 a5 16. Bh3 Rfd8 17. Ke2 Ndf8 18. e4 Ne6 19. Rag1 Nf4+ 20. Kd1 a4 21. b4 Bxb4 {Zahirovic,Z-Kammer,T Germany 1996 ½-½ (45)}) 7... c5 8. O-O b6 9. dxc5 Bxc5 10. a3 a5 11. Ne5 Bb7 12. Nd2 Nc6 13. Nd3 e5 14. c4 d4 15. Re1 dxe3 16. fxe3 Rad8 17. Qc2 Bd6 18. Re2 e4 19. Nf2 Be5 20. Ndxe4 Bxb2 21. Qxb2 Nxe4 22. Bxe4 Rfe8 23. Bd5 Ne5 24. e4 b5 25. Rd1 bxc4 26. bxc4 Ba6 27. Qc3 Rc8 28. Qxa5 Bxc4 29. Rc2 Ba6 30. Rxc8 Bxc8 31. Nd3 Nf3+ 32. Kg2 Ng5 33. Nf2 Qf6 34. Rd3 Ba6 35. Re3 Nh3 36. Qe1 Ng5 37. Qc3 Qb6 38. Qc6 Qxc6 39. Bxc6 Rc8 40. Bd5 Rc1 41. h4 Bf1+ 42. Kh2 Ne6 43. Rb3 Kf8 44. Bxe6 fxe6 45. Ng4 Rc2+ 46. Kg1 Bh3 47. Ne3 Ra2 48. g4 h5 49. gxh5 Kg8 50. Nc4 Bg4 51. Rb2 Ra1+ 52. Kf2 Bxh5 53. Ke3 Kh7 54. Kd4 Rh1 55. a4 Rxh4 56. a5 Bg6 57. Nd6 Rh1 58. Ra2 e5+ 59. Kxe5 1-0

[Event "Chess.com Rapid Wk4 Swiss"]
[Site "Chess.com INT"]
[Date "2022.03.05"]
[Round "9"]
[White "Nakamura, Hikaru"]
[Black "Maghsoodloo, Parham"]
[Result "1-0"]
[WhiteElo "2750"]
[BlackElo "2701"]
[PlyCount "81"]
[EventDate "2022.03.05"]
[EventType "swiss (rapid)"]
[EventRounds "9"]
[EventCountry "USA"]
[SourceTitle "CBM 207 Extra"]
[Source "ChessBase"]
[SourceDate "2022.05.31"]
[SourceVersion "1"]
[SourceVersionDate "2022.05.31"]
[SourceQuality "1"]

1. Nf3 d5 2. b3 c6 3. Bb2 Bg4 4. g3 Nd7 5. Bg2 Qc7 6. h3 $146 ({RR} 6. c4 dxc4 7. bxc4 e5 8. O-O Ngf6 9. Nc3 Bd6 10. d4 O-O 11. d5 Rfe8 12. Nd2 Nc5 13. Qc2 a6 14. Rfc1 Rac8 15. dxc6 bxc6 16. Nde4 Nfxe4 17. Nxe4 Be7 18. e3 h6 19. Nxc5 {½-½ (19) Espig,L (2455)-Boensch,U (2575) Berlin East 1988}) ({RR} 6. c4 dxc4 7. bxc4 e5 8. O-O Ngf6 9. d3 Bd6 10. Nbd2 O-O 11. h3 Bxf3 12. Bxf3 Nc5 13. Bg2 Rad8 14. Qc2 Ne6 15. e3 Rd7 16. Rad1 Rfd8 17. Nf3 h6 18. Bc3 Ng5 19. Nh4 Nfh7 20. Qb2 f6 {Granda Zuniga,J (2652)-Jakubowski,K (2565) Benasque 2015 1-0 (36)}) ({RR} 6. O-O e5 7. d3 Bd6 8. Nbd2 Ngf6 9. e4 dxe4 10. dxe4 Rd8 11. Qe2 O-O 12. h3 Bxf3 13. Nxf3 Rfe8 14. Rad1 h6 15. h4 Bf8 16. Bh3 a5 17. Rd2 Bb4 18. Rd3 Ra8 19. a3 Bf8 20. Rdd1 Nc5 {Topalov,A (2233)-Loiacono,A (2350) chess.com INT 2023 0-1 (62)}) 6... Bh5 7. d3 e5 8. g4 Bg6 9. Nh4 Bc5 10. c4 Ne7 11. cxd5 Nxd5 12. e3 Qa5+ 13. Ke2 Qd8 14. Nxg6 hxg6 15. d4 exd4 16. Bxd5 cxd5 17. Bxd4 O-O 18. Nc3 Rc8 19. Rc1 Bxd4 20. Qxd4 Nb6 21. h4 Rc6 22. h5 g5 23. a4 a5 24. Rcd1 f5 25. Nxd5 fxg4 26. Nxb6 Qxb6 27. Qxb6 Rxb6 28. Rd3 Kh7 29. Rg1 Rb4 30. Rc1 Kh6 31. Rc5 b6 32. Rc7 Rf6 33. Rd8 Kxh5 34. Rxg7 g3 35. Rh8+ Rh6 36. Rhg8 Rg4 37. f3 g2 38. fxg4+ Kh4 39. Kf2 Kh3 40. Rxg5 Kh2 41. Rh5+ 1-0

[Event "Titled Tuesday intern op 08th Mar Early"]
[Site "Chess.com INT"]
[Date "2022.03.08"]
[Round "6"]
[White "Nakamura, Hikaru"]
[Black "Erigaisi, Arjun Kumar"]
[Result "1-0"]
[WhiteElo "2750"]
[BlackElo "2660"]
[PlyCount "119"]
[EventDate "2022.03.08"]
[EventType "swiss (blitz)"]
[EventRounds "11"]
[EventCountry "USA"]
[SourceTitle "CBM 207 Extra"]
[Source "ChessBase"]
[SourceDate "2022.05.31"]
[SourceVersion "1"]
[SourceVersionDate "2022.05.31"]
[SourceQuality "1"]

1. Nf3 c5 2. b3 Nc6 3. Bb2 d6 4. d4 cxd4 5. Nxd4 Nf6 6. Nxc6 bxc6 7. g3 ({RR} 7. e3 g6 8. Be2 Bg7 9. O-O O-O 10. c4 c5 11. Bf3 Rb8 12. Nc3 Nd7 13. Qd2 Ne5 14. Be2 Bb7 15. Rad1 a6 16. Qc1 Re8 17. Qa1 Nd7 18. Rd2 Qc8 19. Rfd1 Bc6 20. Nd5 Bxb2 21. Qxb2 a5 {Nakamura,H (2785)-Yu,Y (2738) Caleta 2017 ½-½ (65)}) ({RR} 7. e3 e5 8. Be2 Be7 9. c4 O-O 10. O-O Qc7 11. Nc3 Be6 12. Rc1 Rfd8 13. Nd5 Qb7 14. Nxe7+ Qxe7 15. Qc2 Qc7 16. Rfd1 Rab8 17. h3 h6 18. Bf3 c5 19. Rd2 Rd7 20. Bc3 Rbd8 21. Rcd1 Re8 {Nakamura,H (2760)-Svane,F (2521) Chess.com INT 2022 1-0 (34)}) 7... Qa5+ 8. Nd2 Qd5 $146 ({RR} 8... Be6 9. c4 Ne4 10. Bg2 d5 11. Bxe4 dxe4 12. Qc2 f5 13. Bc3 Qb6 14. f3 exf3 15. Nxf3 Rd8 16. Qb2 Rg8 17. Ng5 Bf7 18. Nxh7 g5 19. Nxf8 Kxf8 20. Rf1 Ke8 21. Bd2 Qc5 22. O-O-O Rd6 23. Qc3 {Pap,G (2492)-Szalanczy,E (2347) Heviz 2011 1-0}) ({RR} 8... g6 9. Bg2 d5 10. O-O Bg7 11. e4 O-O 12. exd5 cxd5 13. Re1 Bg4 14. Qc1 Bh6 15. f4 Rac8 16. c4 Rfd8 17. Qc3 Qb6+ 18. Qe3 d4 19. Qf2 Bf5 20. h3 Bc2 21. Re5 Bg7 22. Rae1 Nd7 23. Rb5 {Nakamura,H (2802)-Ibarra Jerez,J (2556) chess.com INT 2024 1-0 (33)}) 9. e4 Qc5 10. Bg2 Bg4 11. f3 Qe3+ 12. Qe2 Qxe2+ 13. Kxe2 Bd7 14. c4 c5 15. f4 Bc6 16. Rhg1 Nd7 17. e5 Bxg2 18. Rxg2 dxe5 19. fxe5 e6 20. Ne4 Be7 21. Rd1 Rd8 22. Ke3 Nb8 23. Rgd2 Rxd2 24. Rxd2 O-O 25. Ba3 Rc8 26. Bxc5 Rxc5 27. Nxc5 Bxc5+ 28. Ke4 Be7 29. b4 f5+ 30. exf6 gxf6 31. c5 Kf7 32. b5 f5+ 33. Kf3 Ke8 34. c6 Bd8 35. a4 Ke7 36. Kf4 Ba5 37. Rd3 h6 38. Kf3 e5 39. Ke2 Bc7 40. Rd1 e4 41. Rd4 Ke6 42. Rd1 h5 43. Kf2 Bb6+ 44. Kg2 Bc7 45. Kh3 Ke5 46. Kg2 Bb6 47. Rc1 Kd6 48. Rc2 Bc7 49. Rd2+ Ke5 50. Rd1 Bb6 51. Rc1 Kd6 52. Kh3 Bd8 53. Rd1+ Kc7 54. Rd5 e3 55. Kg2 h4 56. Rxf5 hxg3 57. hxg3 Be7 58. Rf7 Kd6 59. Rxe7 Kxe7 60. c7 1-0

[Event "Titled Tuesday intern op 08th Mar Early"]
[Site "Chess.com INT"]
[Date "2022.03.08"]
[Round "8"]
[White "Bluebaum, Matthias"]
[Black "Safarli, Eltaj"]
[Result "1-0"]
[WhiteElo "2642"]
[BlackElo "2589"]
[PlyCount "113"]
[EventDate "2022.03.08"]
[EventType "swiss (blitz)"]
[EventRounds "11"]
[EventCountry "USA"]
[SourceTitle "CBM 207 Extra"]
[Source "ChessBase"]
[SourceDate "2022.05.31"]
[SourceVersion "1"]
[SourceVersionDate "2022.05.31"]
[SourceQuality "1"]

1. b3 Nf6 2. Bb2 g6 3. Nf3 Bg7 4. g3 O-O 5. Bg2 d5 6. c4 Nc6 7. O-O d4 8. d3 a5 9. Na3 e5 10. Nc2 Re8 11. a3 Qd6 $146 ({RR} 11... Bf8 12. Qd2 Qd6 13. Rfb1 b6 14. e3 Bh6 15. Qe2 dxe3 16. fxe3 e4 17. dxe4 Nxe4 18. Rd1 Qe7 19. Nd2 Bf5 20. Nxe4 Bxe4 21. Bxe4 Qxe4 22. Rd7 Rad8 23. Rad1 Rxd7 24. Rxd7 Ne5 25. Bxe5 Qxe5 26. Qf3 {Bozic,M (2336)-Bircakovic,M (2226) Banja Dvorovi 2018 0-1 (36)}) 12. Rb1 Bg4 13. b4 axb4 14. axb4 Qd7 15. b5 Nd8 16. Re1 Nh5 17. Ra1 Rxa1 18. Qxa1 Ne6 19. Nd2 Ng5 20. Bxb7 Qf5 21. f3 Bh3 22. Bc6 Rf8 23. Ne4 Bh6 24. Nf2 Qf6 25. Bc1 Bc8 26. Kg2 Bg7 27. Bd2 Ne6 28. Qa3 Qd8 29. Nb4 Kh8 30. Nd5 e4 31. Nxe4 f5 32. Nf2 Rf7 33. Qa8 g5 34. Bb7 Bxb7 35. Qxb7 Nf6 36. Ra1 Qg8 37. Ra8 Bf8 38. Nxf6 Rxf6 39. Qd5 g4 40. f4 h5 41. Qe5 Kg7 42. Bb4 Qf7 43. Bxf8+ Nxf8 44. Rc8 Ne6 45. c5 Kh7 46. b6 cxb6 47. cxb6 Ng7 48. Rc7 Qf8 49. b7 Rb6 50. Rxg7+ Qxg7 51. b8=Q Rxb8 52. Qxb8 Qe7 53. Qe5 Qb7+ 54. Ne4 fxe4 55. Qxe4+ Qxe4+ 56. dxe4 Kg6 57. Kf2 1-0

[Event "Titled Tuesday intern op 08th Mar Early"]
[Site "Chess.com INT"]
[Date "2022.03.08"]
[Round "9"]
[White "Nakamura, Hikaru"]
[Black "Sadhwani, Raunak"]
[Result "1-0"]
[WhiteElo "2750"]
[BlackElo "2616"]
[PlyCount "45"]
[EventDate "2022.03.08"]
[EventType "swiss (blitz)"]
[EventRounds "11"]
[EventCountry "USA"]
[SourceTitle "CBM 207 Extra"]
[Source "ChessBase"]
[SourceDate "2022.05.31"]
[SourceVersion "1"]
[SourceVersionDate "2022.05.31"]
[SourceQuality "1"]

1. Nf3 d5 2. b3 Nf6 3. Bb2 e6 4. g3 b6 5. Bg2 Bb7 6. O-O ({RR} 6. d3 c5 7. e3 Be7 8. O-O O-O 9. Qe2 Nc6 10. Rd1 Qc7 11. Nbd2 Rfd8 12. c4 dxc4 13. bxc4 Rab8 14. a3 a6 15. Rdc1 b5 16. cxb5 axb5 17. d4 cxd4 18. Bxd4 Qa5 19. Nb3 Qa4 20. Bxf6 Bxf6 {Nakamura,H (2760)-Kovalev,V (2623) Chess.com INT 2022 0-1 (63)}) 6... Nbd7 7. d4 ({RR} 7. e3 Bd6 8. c4 O-O 9. Qe2 a6 10. Rd1 Re8 11. d4 Ne4 12. Nc3 Nxc3 13. Bxc3 Nf6 14. Nd2 Qe7 15. Rac1 Ba3 16. Rc2 Red8 17. Ba1 a5 18. c5 Ba6 19. Qf3 Bd3 20. Rc3 Bf5 21. h3 Bb4 {Hamitevici,V (2423)-Asensio Ramos,E (2227) chess.com INT 2025 1-0 (55)}) 7... c5 $146 ({RR} 7... Bd6 8. Nbd2 O-O 9. c4 c5 10. e3 Rc8 11. Ne5 Ne4 12. Nxe4 dxe4 13. Qc2 Nf6 14. Rad1 Qc7 15. Rd2 Rcd8 16. Rfd1 cxd4 17. exd4 a5 18. Re2 Bxe5 19. dxe5 Rxd1+ 20. Qxd1 Rd8 21. Qe1 Nd7 22. Bxe4 {Kriz,L (2180)-Pataridis,J (2000) Prague 2008 0-1 (58)}) 8. e3 Be7 9. Nbd2 O-O 10. Qe2 Rc8 11. Rfc1 cxd4 12. Nxd4 Qc7 13. c4 Qb8 14. cxd5 Nxd5 15. Nc4 Nc5 16. Nb5 Ba6 17. Be5 Qa8 18. Qg4 f6 19. Nc7 Rxc7 20. Bxc7 f5 21. Qd4 Bb7 22. Bd6 Bf6 23. Be5 1-0

[Event "Titled Tuesday intern op 08th Mar Late"]
[Site "Chess.com INT"]
[Date "2022.03.08"]
[Round "8"]
[White "Nakamura, Hikaru"]
[Black "Svane, Rasmus"]
[Result "1-0"]
[WhiteElo "2750"]
[BlackElo "2637"]
[PlyCount "89"]
[EventDate "2022.03.08"]
[EventType "swiss (blitz)"]
[EventRounds "11"]
[EventCountry "USA"]
[SourceTitle "CBM 207 Extra"]
[Source "ChessBase"]
[SourceDate "2022.05.31"]
[SourceVersion "1"]
[SourceVersionDate "2022.05.31"]
[SourceQuality "1"]

1. Nf3 d5 2. b3 Bg4 3. e3 Nf6 4. h3 Bf5 ({RR} 4... Bxf3 5. Qxf3 Nbd7 6. Bb2 e6 7. g3 g6 8. Bg2 Bg7 9. O-O O-O 10. c4 c6 11. d4 Ne4 12. Qe2 a5 13. Nc3 Nxc3 14. Bxc3 Qb6 15. Rab1 Qa6 16. Rfc1 a4 17. Bf1 axb3 18. axb3 Qb6 19. b4 {Nihal,S (2668)-Kollars,D (2659) chess.com INT 2024 ½-½ (74)}) ({RR} 4... Bxf3 5. Qxf3 Nbd7 6. Bb2 e5 7. g4 h6 8. Bg2 c6 9. d3 Bd6 10. Nd2 a5 11. a3 Qe7 12. h4 Nc5 13. g5 hxg5 14. hxg5 Rxh1+ 15. Bxh1 Nfd7 16. Qg4 g6 17. e4 dxe4 18. Nxe4 Nxe4 19. Bxe4 {Naroditsky,D (2619)-Drozdowski,K (2450) chess.com INT 2025 0-1 (40)}) 5. Bb2 h6 $146 ({RR} 5... e6 6. Be2 Bd6 7. O-O Nbd7 8. Nd4 g5 9. Nxf5 exf5 10. Bd3 Qe7 11. Bxf5 O-O-O 12. Bxd7+ Rxd7 13. Qf3 Be5 14. d4 Bd6 15. c4 c6 16. Rc1 h5 17. cxd5 Nxd5 18. e4 g4 19. Qf5 Nf4 20. e5 {Suta,A (1724)-Bratkovic,S (1838) Sentjur 2011 0-1 (36)}) 6. g4 Bh7 7. Bg2 e6 8. d3 Nbd7 9. Nbd2 c6 10. a3 Bd6 11. Qe2 Qc7 12. O-O O-O 13. e4 dxe4 14. dxe4 e5 15. Rad1 Rfe8 16. Rfe1 Bf8 17. b4 a5 18. c3 Be7 19. Qe3 Nf8 20. c4 Ng6 21. c5 axb4 22. axb4 Nd7 23. Nc4 Bf6 24. Nd6 Red8 25. Bf1 b5 26. Bd3 Nf4 27. Bc2 Nxh3+ 28. Kh2 Ng5 29. Bb3 Nxf3+ 30. Qxf3 Bg6 31. Nf5 Bg5 32. Rd6 Nf8 33. Bxe5 Bxf5 34. gxf5 Qe7 35. Bg3 Bd2 36. Rg1 Nh7 37. e5 Bxb4 38. f6 Qf8 39. fxg7 Qxg7 40. Bh4 Ng5 41. Bxg5 hxg5 42. Bxf7+ Qxf7 43. Rxg5+ Kf8 44. Rf6 Ra7 45. e6 1-0

[Event "Titled Tuesday intern op 08th Mar Late"]
[Site "Chess.com INT"]
[Date "2022.03.08"]
[Round "9"]
[White "Praggnanandhaa, Rameshbabu"]
[Black "Nakamura, Hikaru"]
[Result "1-0"]
[WhiteElo "2619"]
[BlackElo "2750"]
[PlyCount "95"]
[EventDate "2022.03.08"]
[EventType "swiss (blitz)"]
[EventRounds "11"]
[EventCountry "USA"]
[SourceTitle "CBM 207 Extra"]
[Source "ChessBase"]
[SourceDate "2022.05.31"]
[SourceVersion "1"]
[SourceVersionDate "2022.05.31"]
[SourceQuality "1"]

1. Nf3 d5 2. g3 g6 3. c4 dxc4 4. Na3 Bg7 5. Nxc4 Nc6 6. d3 e5 7. Bd2 Be6 ({RR} 7... Nge7 8. h4 h6 9. Bc3 f6 10. Qb3 a5 11. a4 Be6 12. Bh3 Bxh3 13. Rxh3 b6 14. O-O-O Qd5 15. e4 Qe6 16. Rhh1 h5 17. Nxa5 Qxb3 18. Nxb3 Rxa4 19. Kc2 Kf7 20. Ra1 Rha8 21. Rxa4 Rxa4 22. Rd1 {Rapport,R (2763)-So,W (2770) Paris 2021 ½-½ (35)}) 8. Rc1 ({RR} 8. Bg2 Nge7 9. O-O a5 10. Qc1 O-O 11. Bh6 Bxh6 12. Qxh6 Nf5 13. Qc1 Ncd4 14. Re1 Nxf3+ 15. Bxf3 Bxc4 16. Qxc4 c6 17. Qc3 Re8 18. e3 Qb6 19. Rab1 Nd6 20. Red1 Rad8 21. Bg2 Nb5 22. Qc2 Rd7 {Artemiev,V (2699)-Nakamura,H (2736) chess24.com INT 2021 0-1 (53)}) 8... Nge7 9. Bg2 a5 10. a3 $146 ({RR} 10. O-O O-O 11. b3 h6 12. Bc3 f6 13. e4 Qd7 14. d4 exd4 15. Nxd4 Nxd4 16. Qxd4 Qxd4 17. Bxd4 Rfd8 18. Bc3 a4 19. Na5 axb3 20. axb3 b6 21. e5 Nd5 22. Nc6 Nxc3 23. Rxc3 Re8 24. Ne7+ Kf7 {Praggnanandhaa,R (2743)-Anuj,S (2396) chess.com INT 2024 1-0}) 10... a4 11. O-O O-O 12. Bc3 f6 13. e4 Qd7 14. Qc2 Rfd8 15. Rfd1 g5 16. Qe2 Nd4 17. Bxd4 exd4 18. e5 g4 19. Nh4 f5 20. Bxb7 Rab8 21. Bg2 Rb5 22. f4 gxf3 23. Nxf3 Bh6 24. Rc2 Kh8 25. Kh1 Rg8 26. Nh4 Nd5 27. Qh5 Be3 28. Rf1 f4 29. Be4 Nf6 30. Qh6 Nxe4 31. dxe4 d3 32. Rc3 Bxc4 33. Rxc4 Rb6 34. e6 Rxe6 35. Rxc7 Qxc7 36. Qxe6 fxg3 37. hxg3 Bg5 38. Nf5 d2 39. Nd6 Rd8 40. Nf7+ Kg7 41. Nxd8 Qxd8 42. Qd5 Qe7 43. Qd4+ Kg6 44. Kg2 Qe6 45. Qd5 Qb6 46. Qf7+ Kh6 47. Rh1+ Bh4 48. Rxh4+ 1-0

[Event "Chess.com Rapid Wk5 Swiss"]
[Site "Chess.com INT"]
[Date "2022.03.12"]
[Round "1"]
[White "So, Wesley"]
[Black "Sadhwani, Raunak"]
[Result "1-0"]
[WhiteElo "2778"]
[BlackElo "2616"]
[PlyCount "91"]
[EventDate "2022.03.12"]
[EventType "swiss (rapid)"]
[EventRounds "9"]
[EventCountry "USA"]
[SourceTitle "CBM 207 Extra"]
[Source "ChessBase"]
[SourceDate "2022.05.31"]
[SourceVersion "1"]
[SourceVersionDate "2022.05.31"]
[SourceQuality "1"]

1. Nf3 d5 2. g3 g6 3. Bg2 Bg7 4. O-O e5 5. d3 Nc6 6. e4 Nge7 7. Nc3 dxe4 8. dxe4 Qxd1 ({RR} 8... Be6 9. Qe2 Nd4 10. Nxd4 exd4 11. Nd5 O-O 12. Bg5 f6 13. Bf4 Rc8 14. Rad1 c5 15. Nxe7+ Qxe7 16. c3 Qf7 17. b3 dxc3 18. Qc2 g5 19. Bd6 Rfd8 20. Qxc3 Rd7 21. e5 Rcd8 22. Rde1 c4 23. exf6 {Praggnanandhaa,R (2684)-Nakamura,H (2768) Kolkata IND 2022 0-1 (41)}) 9. Rxd1 Bg4 10. Be3 Bxf3 $146 ({RR} 10... a6 11. Rd2 Rd8 12. Rxd8+ Nxd8 13. h3 Bc8 14. Rd1 b6 15. Bf1 O-O 16. Kg2 Re8 17. Bc4 b5 18. Bb3 h6 19. a4 b4 20. Nd5 Nxd5 21. Bxd5 Nb7 22. Bc6 Re6 23. Bd5 Rd6 24. Rd3 g5 25. Nd2 {Schwarz,M (2395)-Schafranietz,S (2350) Germany 2007 ½-½ (63)}) 11. Bxf3 Nd4 12. Bxd4 exd4 13. Nb5 O-O-O 14. Nxa7+ Kb8 15. Nb5 h5 16. h4 c6 17. Na3 Kc7 18. Nc4 b5 19. Nd2 Ra8 20. Nb3 Ra4 21. a3 Kb6 22. Rab1 c5 23. c3 Nc6 24. cxd4 Nxd4 25. Nxd4 Rxd4 26. Rxd4 Bxd4 27. Kf1 Re8 28. b3 Re7 29. a4 Ka5 30. axb5 Kxb5 31. Be2+ Kb4 32. Bc4 Ra7 33. Re1 f6 34. Re2 Re7 35. f4 g5 36. hxg5 fxg5 37. Kg2 Rg7 38. Kf3 gxf4 39. gxf4 h4 40. e5 Rg3+ 41. Ke4 h3 42. Kf5 Bg1 43. e6 h2 44. Rxh2 Bxh2 45. e7 Re3 46. Be6 1-0

[Event "Chess.com Rapid Wk5 Swiss"]
[Site "Chess.com INT"]
[Date "2022.03.12"]
[Round "6"]
[White "Van Foreest, Jorden"]
[Black "Niemann, Hans Moke"]
[Result "1-0"]
[WhiteElo "2714"]
[BlackElo "2642"]
[PlyCount "61"]
[EventDate "2022.03.12"]
[EventType "swiss (rapid)"]
[EventRounds "9"]
[EventCountry "USA"]
[SourceTitle "CBM 207 Extra"]
[Source "ChessBase"]
[SourceDate "2022.05.31"]
[SourceVersion "1"]
[SourceVersionDate "2022.05.31"]
[SourceQuality "1"]

1. Nf3 a5 2. e4 g6 $146 ({RR} 2... a4 3. d4 e6 4. Bd3 c6 5. c4 Ne7 6. O-O h6 7. Nc3 g5 8. e5 Ng6 9. d5 cxd5 10. cxd5 Bg7 11. dxe6 dxe6 12. Bb5+ Nc6 13. Qe2 O-O 14. Bxa4 Nd4 15. Nxd4 Qxd4 16. Bc2 Nxe5 17. Be3 {Oro,L (2255)-Lewtak,D (2396) Chess.com INT 2022 0-1 (55)}) ({RR} 2... a4 3. d4 e6 4. Bd3 b6 5. O-O Bb7 6. c4 Nc6 7. a3 Nf6 8. d5 Na5 9. Bg5 Be7 10. e5 Nb3 11. Ra2 Ng4 12. Bxe7 Qxe7 13. Bc2 Nc5 14. Nc3 O-O 15. Ne4 exd5 16. cxd5 Nxe5 17. Nxc5 {Vila Dupla,A (2042)-Bogaudinov,R (1912) chess.com INT 2024 0-1}) 3. d4 Bg7 4. Nc3 c6 5. h4 d5 6. h5 Bg4 7. h6 Bf8 8. exd5 cxd5 9. Bb5+ Nc6 10. Bf4 e6 11. Qe2 Bxf3 12. Qxf3 Bd6 13. O-O-O Bxf4+ 14. Qxf4 Nf6 15. g4 O-O 16. g5 Nd7 17. Kb1 Qb8 18. Qe3 Qd6 19. Na4 Rfc8 20. a3 Rc7 21. Rhe1 b6 22. c4 dxc4 23. Nc3 Nf8 24. d5 Ne7 25. Ne4 Qh2 26. Rh1 Qg2 27. Nf6+ Kh8 28. Qe5 Qxf2 29. Qxc7 Qf5+ 30. Ka1 Nxd5 31. Qxf7 1-0

[Event "Chess.com Rapid Wk5 Swiss"]
[Site "Chess.com INT"]
[Date "2022.03.12"]
[Round "8"]
[White "Bacrot, Etienne"]
[Black "Kosteniuk, Alexandra"]
[Result "1-0"]
[WhiteElo "2635"]
[BlackElo "2516"]
[PlyCount "83"]
[EventDate "2022.03.12"]
[EventType "swiss (rapid)"]
[EventRounds "9"]
[EventCountry "USA"]
[SourceTitle "CBM 207 Extra"]
[Source "ChessBase"]
[SourceDate "2022.05.31"]
[SourceVersion "1"]
[SourceVersionDate "2022.05.31"]
[SourceQuality "1"]

1. Nf3 d5 2. g3 Bg4 3. Bg2 c6 4. h3 Bxf3 5. Bxf3 e5 6. d3 Nf6 7. O-O ({RR} 7. Nd2 Nbd7 8. Bg2 Bc5 9. e4 O-O 10. O-O dxe4 11. dxe4 a5 12. a4 Qe7 13. Qe2 Rfd8 14. Nc4 Nf8 15. Bd2 Bb4 16. c3 Bc5 17. Rab1 N6d7 18. b4 axb4 19. cxb4 Bd4 20. a5 Ne6 21. b5 cxb5 {Harikrishna,P (2737)-Inarkiev,E (2660) Berlin 2015 1-0 (37)}) 7... Bd6 ({RR} 7... a5 8. Nd2 Nbd7 9. e4 dxe4 10. dxe4 Bc5 11. a4 Qe7 12. Bg2 h5 13. Nb3 Bb6 14. Bg5 Nf8 15. Qf3 Ne6 16. Bxf6 Qxf6 17. Qxf6 gxf6 18. h4 {½-½ (18) Galperin,P (2495)-Vagman,R (2289) Rishon LeZion ISR 2025}) 8. e4 Nbd7 $146 ({RR} 8... d4 9. a4 c5 10. Bg2 Nc6 11. f4 a6 12. Nd2 b5 13. g4 Nd7 14. f5 Nb6 15. f6 g6 16. axb5 axb5 17. Rxa8 Qxa8 18. Nf3 h6 19. Bd2 Qa2 20. Qc1 Na4 21. Bxh6 Qxb2 22. Qxb2 Nxb2 23. Bg7 {Tsvetkov,A (2404)-Popovich,A (2102) Cheliabinsk 2021 1-0 (35)}) 9. Nc3 d4 10. Ne2 h6 11. Bg2 g5 12. c3 c5 13. Qb3 Qb6 14. Qc4 Qc7 15. a4 Nf8 16. b4 cxb4 17. Qxc7 Bxc7 18. cxd4 exd4 19. Bb2 O-O-O 20. Nxd4 N8d7 21. Nb5 a6 22. Nxc7 Kxc7 23. e5 Nh5 24. Rfc1+ Kb8 25. a5 Rhe8 26. d4 f6 27. Ra4 fxe5 28. Rxb4 e4 29. Rc6 Nhf6 30. Rxa6 Nd5 31. Rb3 N7f6 32. Rc6 Ka7 33. Rc5 Re7 34. Ba3 Re6 35. Rcb5 Rd7 36. Bc5+ Ka8 37. Bf1 h5 38. Bc4 g4 39. h4 Rc6 40. Ra3 Nc7 41. Rb1 Nfd5 42. Rab3 1-0